博爱如山:父亲吴安顺一生的坚持 (Record no. 322394)

000 -LEADER
fixed length control field 00386nam a22001457a 4500
020 ## - ISBN
ISBN 9786299581406
082 ## - 索书号 Call Number
分类号Classification number 783.86
作者号 Author number 8350
100 ## - 作者
作者 吴碧彬 口述;;陈妍臻 编撰
245 ## - 书名 TITLE
书名Title 博爱如山:父亲吴安顺一生的坚持
250 ## - 版本 EDITION STATEMENT
版本叙述 Edition statement 初版;平装
260 ## - 出版项PUBLICATION, DISTRIBUTION, ETC. (IMPRINT)
出版地 Place of publication 雪兰莪
出版社 Name of publisher 吴碧彬医生
出版日期 Date of publication 2025
300 ## - 稽核项 PHYSICAL DESCRIPTION
页数 Number of Pages 248页
尺寸 Dimensions 21公分
500 ## - 一般附注 GENERAL NOTE
附注 General note
942 ## - ADDED ENTRY ELEMENTS (KOHA)
Koha item type Books
Holdings
Source of classification or shelving scheme Not for loan Permanent Location Current Location Shelving location Date acquired Source of acquisition Cost, normal purchase price Full call number Barcode Cost, replacement price Koha item type
    LIBRARY CHUNG HWA HIGH SCHOOL MUAR LIBRARY CHUNG HWA HIGH SCHOOL MUAR 7 世界史地(二楼 J~K) 2025-07-07 50.00 783.86 8350 049552 100.00 Books

Powered by Koha